| 000 | 00777nam a2200205 a 4500 | ||
|---|---|---|---|
| 008 | 060316s1992 ||||||||||||||||| || u | ||
| 020 | _a0471528862 | ||
| 050 | _aTA1630 Kar | ||
| 100 | _aKarim, Mohammad A | ||
| 245 | 1 | 0 | _aOptical computing : an introduction |
| 260 |
_aNew York : _bJohn Wiley and Sons _c1992 |
||
| 300 | _axiv, 360 p. : ill. | ||
| 350 | _a0.00 | ||
| 490 | _aWiley series in microwave and optical engineering | ||
| 500 | _aIncludes bibliographical references | ||
| 650 | _aOPTICAL DATA PROCESSING | ||
| 700 | _aAwwal, Abdul A. S | ||
| 856 | _uhttp://www.loc.gov/catdir/toc/onix04/91030533.html | ||
| 995 |
_D0.00 _FCBU-MAIN LIBRARY (Kitwe) _H1 _I59.00 _UAVAILABLE _ZAnnex Low-Usage Collection |
||
| 999 |
_c52702 _d52702 |
||